|
|
|
|
| LEADER |
01256nam a2200349Ia 4500 |
| 001 |
2810 |
| 003 |
BD-DhAAL |
| 005 |
20150917103949.0 |
| 008 |
150917s1999 dcuab b 000 0 eng d |
| 020 |
|
|
|a 1878071491
|
| 040 |
|
|
|a DBI
|c DBI
|d MIA
|d MYG
|d BD-DhAAL
|
| 082 |
|
|
|a 307.7/6
|
| 100 |
1 |
|
|a Sheehan, Molly O'Meara.
|9 14742
|
| 245 |
1 |
0 |
|a Reinventing cities for people and the planet /
|c Molly O'Meara.
|
| 260 |
|
|
|a Washington, D.C. :
|b Worldwatch Institute,
|c c1999.
|
| 300 |
|
|
|a 94 p. :
|b ill., maps ;
|c 22 cm.
|
| 490 |
1 |
|
|a Worldwatch paper ;
|v 147
|
| 500 |
|
|
|a "June 1999."
|
| 504 |
|
|
|a Includes bibliographical references (p. 77-94).
|
| 541 |
|
|
|e 2510
|
| 650 |
|
0 |
|a City planning.
|9 14743
|
| 650 |
|
0 |
|a Urban ecology (Sociology)
|9 14744
|
| 650 |
|
0 |
|a Conservation of natural resources.
|9 5235
|
| 650 |
|
0 |
|a Urbanization.
|9 10886
|
| 650 |
|
0 |
|a Sustainable development.
|9 14745
|
| 710 |
2 |
|
|a Worldwatch Institute.
|9 8981
|
| 830 |
|
0 |
|a Worldwatch paper ;
|v 147.
|9 8978
|
| 852 |
0 |
|
|a MCM
|b DEW
|c STACK
|h HT241.O443 1999
|
| 876 |
|
1 |
|l MIT01
|h HT241.O443 1999
|8 19990721
|
| 942 |
|
|
|2 ddc
|c BK
|
| 999 |
|
|
|c 35579
|d 35579
|
| 952 |
|
|
|0 0
|1 0
|2 ddc
|4 0
|6 307_700000000000000_6_SHE
|7 0
|9 55958
|a SCL
|b SCL
|c GEN
|d 2015-09-17
|l 0
|o 307.76 SHE
|p 3020002810
|r 2015-09-17
|t 1
|w 2015-09-17
|y BK
|